000 00584nam a2200217 a 4500
001 3735223
005 20180302032351.0
008 820413s1981 ilu 000 0 eng
010 _a 81080490
020 _a0813421926 (pbk.)
040 _aDLC
_cDLC
_dDLC
041 _aeng
043 _an-us---
080 _a338.10973 mcm
082 0 0 _a338.10973 mcm
_219
100 1 _a25
101 _aedu
245 1 0 _aFeeding multitudes :
_cWheeler McMillen.
906 _a7
_bcbc
_corignew
_d2
_eopcn
_f19
_gy-gencatlg
942 _2ddc
_cBK
999 _c43905
_d43905